<?xml version="1.0" encoding="UTF-8"?>
<record
    xmlns:xsi="http://www.w3.org/2001/XMLSchema-instance"
    xsi:schemaLocation="http://www.loc.gov/MARC21/slim http://www.loc.gov/standards/marcxml/schema/MARC21slim.xsd"
    xmlns="http://www.loc.gov/MARC21/slim">

  <leader>05328cam a22004334a 4500</leader>
  <controlfield tag="001">16492656</controlfield>
  <controlfield tag="003">OSt</controlfield>
  <controlfield tag="005">20210414114455.0</controlfield>
  <controlfield tag="008">101005s2011    nyua     bf   001 0 eng  </controlfield>
  <datafield tag="010" ind1=" " ind2=" ">
    <subfield code="a">  2010042511</subfield>
  </datafield>
  <datafield tag="020" ind1=" " ind2=" ">
    <subfield code="a">9780415883146 (hbk.)</subfield>
  </datafield>
  <datafield tag="020" ind1=" " ind2=" ">
    <subfield code="a">9780415883153 (pbk.)</subfield>
  </datafield>
  <datafield tag="020" ind1=" " ind2=" ">
    <subfield code="a">9780203846063 (ebk.)</subfield>
  </datafield>
  <datafield tag="035" ind1=" " ind2=" ">
    <subfield code="a">(DNLM)101543210</subfield>
  </datafield>
  <datafield tag="040" ind1=" " ind2=" ">
    <subfield code="a">DNLM/DLC</subfield>
    <subfield code="c">DLC</subfield>
    <subfield code="d">DLC</subfield>
  </datafield>
  <datafield tag="042" ind1=" " ind2=" ">
    <subfield code="a">pcc</subfield>
  </datafield>
  <datafield tag="050" ind1="0" ind2="0">
    <subfield code="a">R118.H26 </subfield>
  </datafield>
  <datafield tag="060" ind1="1" ind2="0">
    <subfield code="a">W 62</subfield>
  </datafield>
  <datafield tag="082" ind1="0" ind2="0">
    <subfield code="a">613</subfield>
    <subfield code="2">22</subfield>
  </datafield>
  <datafield tag="245" ind1="0" ind2="4">
    <subfield code="a">The Routledge handbook of health communication. /</subfield>
    <subfield code="c">edited by Teresa L. Thompson.</subfield>
  </datafield>
  <datafield tag="250" ind1=" " ind2=" ">
    <subfield code="a">2nd ed.</subfield>
  </datafield>
  <datafield tag="260" ind1=" " ind2=" ">
    <subfield code="a">New York :</subfield>
    <subfield code="b">Routledge Taylor and Francis Group,</subfield>
    <subfield code="c">2011.</subfield>
  </datafield>
  <datafield tag="300" ind1=" " ind2=" ">
    <subfield code="a">xxxv,667 p. :</subfield>
    <subfield code="b">ill.;</subfield>
    <subfield code="c">25cm.</subfield>
  </datafield>
  <datafield tag="500" ind1=" " ind2=" ">
    <subfield code="a">Includes bibliographical references.</subfield>
  </datafield>
  <datafield tag="505" ind1=" " ind2=" ">
    <subfield code="a">Contents: Introduction: Multidisciplinary, interdisciplinary, and transdisciplinary approaches to health communication: Where do we draw the lines / Roxanne Parrott and Matthew W. Kreuter -- Building health communication theories in the 21st century / Austin S. Babrow and Marifran Mattson -- Narrative turns epic: Continuing developments in health narrative scholarship / Barbara F. Sharf, Lynn M. Harter, Jill Yamasaki, and Paul Haidet -- Delivery systems of formal care: How medical interaction shapes and reflects the physician-patient relationship / Debra L. Roter and Judith A. Hall -- Beyond primary care providers: A discussion of health communication roles and challenges for health care professionals and others / Margaret F. Clayton and Lee Ellington -- Telemedicine: Reviewing the past, looking toward the future / Pamela Whitten, David Cook, and Jennifer Cornacchione -- Health care terms: Communication and effectiveness / Kevin Real and Marshall Scott Poole -- Working well: Reconsidering health communication at work / Patricia Geist-Martin and Jennifer A. Scarduzio -- Relationship building and situational publics: Theoretical approaches guiding today's health public relations / Linda Aldoory and Lucinda Austin -- Theory and practice in risk communication: A review of the literature and visions for the future / Monique Mitchell Turner, Christine Skubisz, and Rajiv N. Rimal -- Health [Mis]information sources: Health information seeking / Ezequiel M. Galarce, Shoba Ramanadhan, and K. Viswanath -- Online health information: Conceptual challenges and theoretical opportunities -- Developing effective media campaigns for health promotion -- International health communication campaigns in developing countries -- Social marketing: Its meaning, use, and application for health communication -- Popular media and health: Images and effects -- Advertising in health communication: Promoting pharmaceuticals and dietary supplements to U.S. consumers -- Mediators and moderators of care and understanding: Explaining illness: Issues concerning the co-construction of explications -- Integrating health literacy in health communication -- Culture, communication, and health: A guiding framework -- Social support, social networks, and health -- Computer-mediated social support: Promises and pitfalls for individuals coping with health concerns -- Insights about health from family communication theories -- Everyday interpersonal communication and health -- [Un]intended outcomes of health communication: Patient-centered communication during collaborative decision making -- Provider-patient interaction and related outcomes -- Stress, burnout, and supportive communication: A review of research in health organizations -- Life span and end-of-life health communication -- Stigma, communication, and health -- Communication and health disparities -- Health communication and health information technology: Priority issues, policy implications, and research opportunities for healthy people 2020 -- Methods in health communication: Conversation analysis and health communication -- Social networks and health communication -- Qualitative methods: Bridging the gap between research and daily practice -- Community organizing research approaches -- Advancing health communication research: Issues and controversies in research design and data analysis -- Using new technologies to enhance health communication research methodology -- Overarching issues in health communication: Translating health communication research into practice: The influence of health communication scholarship on  health policy, practice, and outcomes -- (Re)Viewing health communication and related interdisciplinary curricula: Towards a transdisciplinary perspective -- Ethics in communication for health promotion in clinical settings and campaigns: New challenges and enduring dilemmas.</subfield>
  </datafield>
  <datafield tag="650" ind1=" " ind2="0">
    <subfield code="a">Communication in medicine</subfield>
    <subfield code="v">Handbooks, manuals, etc.</subfield>
  </datafield>
  <datafield tag="650" ind1=" " ind2="0">
    <subfield code="a">Physician and patient</subfield>
    <subfield code="v">Handbooks, manuals, etc.</subfield>
  </datafield>
  <datafield tag="650" ind1="1" ind2="2">
    <subfield code="a">Communication</subfield>
    <subfield code="v">Review.</subfield>
  </datafield>
  <datafield tag="650" ind1="1" ind2="2">
    <subfield code="a">Physician-Patient Relations</subfield>
    <subfield code="v">Review.</subfield>
  </datafield>
  <datafield tag="650" ind1="2" ind2="2">
    <subfield code="a">Delivery of Health Care</subfield>
    <subfield code="x">organization &amp; administration</subfield>
    <subfield code="v">Review.</subfield>
  </datafield>
  <datafield tag="650" ind1="2" ind2="2">
    <subfield code="a">Health Promotion</subfield>
    <subfield code="x">methods</subfield>
    <subfield code="v">Review.</subfield>
  </datafield>
  <datafield tag="650" ind1="2" ind2="2">
    <subfield code="a">Patient Education as Topic</subfield>
    <subfield code="x">methods</subfield>
    <subfield code="v">Review.</subfield>
  </datafield>
  <datafield tag="700" ind1="1" ind2=" ">
    <subfield code="a">Thompson, Teresa L.</subfield>
  </datafield>
  <datafield tag="700" ind1="1" ind2=" ">
    <subfield code="a">Parrott, Roxanne.</subfield>
  </datafield>
  <datafield tag="700" ind1="1" ind2=" ">
    <subfield code="a">Nussbaum, Jon F.</subfield>
  </datafield>
  <datafield tag="906" ind1=" " ind2=" ">
    <subfield code="a">7</subfield>
    <subfield code="b">cbc</subfield>
    <subfield code="c">orignew</subfield>
    <subfield code="d">1</subfield>
    <subfield code="e">ecip</subfield>
    <subfield code="f">20</subfield>
    <subfield code="g">y-gencatlg</subfield>
  </datafield>
  <datafield tag="942" ind1=" " ind2=" ">
    <subfield code="2">lcc</subfield>
    <subfield code="c">BK</subfield>
  </datafield>
  <datafield tag="999" ind1=" " ind2=" ">
    <subfield code="c">5635</subfield>
    <subfield code="d">13135</subfield>
  </datafield>
  <datafield tag="952" ind1=" " ind2=" ">
    <subfield code="0">0</subfield>
    <subfield code="1">0</subfield>
    <subfield code="2">lcc</subfield>
    <subfield code="4">0</subfield>
    <subfield code="7">0</subfield>
    <subfield code="a">WIUC-1</subfield>
    <subfield code="b">WIUC-1</subfield>
    <subfield code="c">REF</subfield>
    <subfield code="d">2015-07-15</subfield>
    <subfield code="l">0</subfield>
    <subfield code="o">R118.H26</subfield>
    <subfield code="p">7995/422/15</subfield>
    <subfield code="r">2015-07-15 00:00:00</subfield>
    <subfield code="w">2015-07-15</subfield>
    <subfield code="y">BK</subfield>
  </datafield>
</record>
